Die Transformation der Informationsmärkte in Richtung Nutzungsfreiheit : Alternativen Zur Als-Ob-Regulierung Im Wissenschaftsurheberrecht.

The buzzwords "Information Society" and "Age of Access" suggest that information is now universally accessible without any form of hindrance. Indeed, the German constitution calls for all citizens to have open access to information. Yet in reality, there are multifarious hurdles...

Full description

Bibliographic Details
Main Author: Kuhlen, Rainer.
Format: eBook
Language:German
Published: Berlin/Boston : Walter de Gruyter GmbH, 2020.
Edition:1st ed.
Series:Age of Access? Grundfragen der Informationsgesellschaft Series
Subjects:
Online Access:Click to View
LEADER 02576nam a22003733i 4500
001 EBC7015088
003 MiAaPQ
005 20231204023225.0
006 m o d |
007 cr cnu||||||||
008 231204s2020 xx o ||||0 ger d
020 |a 9783110693447  |q (electronic bk.) 
035 |a (MiAaPQ)EBC7015088 
035 |a (Au-PeEL)EBL7015088 
035 |a (OCoLC)1330933178 
040 |a MiAaPQ  |b eng  |e rda  |e pn  |c MiAaPQ  |d MiAaPQ 
100 1 |a Kuhlen, Rainer. 
245 1 4 |a Die Transformation der Informationsmärkte in Richtung Nutzungsfreiheit :  |b Alternativen Zur Als-Ob-Regulierung Im Wissenschaftsurheberrecht. 
250 |a 1st ed. 
264 1 |a Berlin/Boston :  |b Walter de Gruyter GmbH,  |c 2020. 
264 4 |c {copy}2020. 
300 |a 1 online resource (440 pages) 
336 |a text  |b txt  |2 rdacontent 
337 |a computer  |b c  |2 rdamedia 
338 |a online resource  |b cr  |2 rdacarrier 
490 1 |a Age of Access? Grundfragen der Informationsgesellschaft Series ;  |v v.12 
520 |a The buzzwords "Information Society" and "Age of Access" suggest that information is now universally accessible without any form of hindrance. Indeed, the German constitution calls for all citizens to have open access to information. Yet in reality, there are multifarious hurdles to information access - whether physical, economic, intellectual, linguistic, political, or technical. Thus, while new methods and practices for making information accessible arise on a daily basis, we are nevertheless confronted by limitations to information access in various domains. This new book series assembles academics and professionals in various fields in order to illuminate the various dimensions of information's inaccessability. While the series discusses principles and techniques for transcending the hurdles to information access, it also addresses necessary boundaries to accessability. 
588 |a Description based on publisher supplied metadata and other sources. 
590 |a Electronic reproduction. Ann Arbor, Michigan : ProQuest Ebook Central, 2023. Available via World Wide Web. Access may be limited to ProQuest Ebook Central affiliated libraries.  
655 4 |a Electronic books. 
776 0 8 |i Print version:  |a Kuhlen, Rainer  |t Die Transformation der Informationsmärkte in Richtung Nutzungsfreiheit  |d Berlin/Boston : Walter de Gruyter GmbH,c2020 
797 2 |a ProQuest (Firm) 
830 0 |a Age of Access? Grundfragen der Informationsgesellschaft Series 
856 4 0 |u https://ebookcentral.proquest.com/lib/matrademy/detail.action?docID=7015088  |z Click to View